000 01287cam a22003497a 4500
003 CHAP
005 20220329133846.0
008 971013s1982 r 00010 d
010 _a11894
011 _a12866
035 _a16593
040 _cCHAP
090 _aTesis
100 0 0 _aVásquez Vargas, Chalmer.
_9120273
245 1 0 _aResistencia varietal al carbón de la caña de azúcar Ustilago scitaminea Sydow
_c/por Chalmer Vásquez Vargas
260 _aChapingo, Méx. :
_bEl autor,
_c1982
300 _a54 h.
502 _aTesis (Ing. Agr. Esp. en Parasitología Agrícola) -- UACH. Departamento de Parasitología Agrícola
590 _aALEPH
_b10
_c20130110
_lUCH01
_h1230
590 _aBATCH-UPD
_b10
_c20130110
_lUCH01
_h1612
590 _aBATCH-UPD
_b10
_c20130410
_lUCH01
_h1007
590 _aBATCH-UPD
_b10
_c20130914
_lUCH01
_h0834
590 _aCONVERSION
_b10
_c20130109
_lUCH01
_h1308
650 1 4 _aCaña de azúcar
_xEnfermedades.
_918598
650 1 4 _aCaña de azúcar
_xVariedades resistentes a enfermedades.
_918663
650 1 4 _aUstilago scitaminea.
_9117095
901 _aBK
942 _cFOLL
949 _bBC
_cTES
_d-153905
_eTS1
_i16593
_si
949 _bBC
_cTES
_d33724000695102
_eTS2
_fc.2
_i16593
_si
949 _bBC
_cTES
_d33724000695110
_eTS2
_fc.3
_h22008
_i16593
_si
999 _c11894
_d11894